| 000 | 01659nam a2200241Ia 4500 | ||
|---|---|---|---|
| 999 |
_c34398 _d34398 |
||
| 001 | 47 | ||
| 003 | GE_BSU | ||
| 005 | 20200319205328.0 | ||
| 008 | 181216s2000||||ge |||||||||||||| ||geo|| | ||
| 020 | _a9992848405 | ||
| 040 | _cGE_BSU | ||
| 041 | _ageo | ||
| 080 | _a575(075.8) დ–43 | ||
| 100 |
_aდიასამიძე, ანზორ _91109 |
||
| 245 |
_aევოლუციური მოძღვრების საფუძვლები : _bსახელმძღვანელო უნივერსიტეტების ბიოლოგიის სპეციალობის სტუდენტებისათვის / _cანზორ დიასამიძე ; რედ. ქეთევან დოლიძე. |
||
| 264 |
_aბათუმი : _bბათუმის უნივერსიტეტი. _c2000. |
||
| 300 |
_a534 გვ:. _bილ ; _c20 სმ. |
||
| 653 | _aბიოლოგია | ||
| 653 | _aევოლუცია | ||
| 653 | _aევოლუციური თეორიის ისტორია | ||
| 700 |
_aდოლიძე, ქეთევან _eრედაქტორი _97766 |
||
| 942 |
_cBK _2udc |
||